000 00522nam a22001697a 4500
005 20230606073748.0
008 230109b |||||||| |||| 00| 0 eng d
020 _a978-93-5115-14-1
082 _a621.312133 T531 2016
110 _a3G Elearning
_eauthor
245 _aDiesel power plant operation and maintenance:
_bintermediate /
_c3G Elearning
260 _aUAE:
_b3G Elearning,
_cc2016.
300 _av, 321p.;
_bcol. ill.; w/ CD
504 _aIncludes index
541 _e5823
650 _aDiesel electric power plants
999 _c485
_d485